Mikropočítače a BASIC /
Saved in:
| Main Authors: | , , |
|---|---|
| Format: | Book |
| Language: | Slovak |
| Published: |
Bratislava :
Slovenské pedagogické nakladateľstvo,
1989
|
| Tags: |
No Tags, Be the first to tag this record!
|
MARC
| LEADER | 00000nam a22000003a 4500 | ||
|---|---|---|---|
| 001 | stu28226 | ||
| 005 | 20150617225740.8 | ||
| 008 | 950302s1989----xo------------------slo-d | ||
| 040 | |a STU |b slo | ||
| 041 | 0 | |a slo | |
| 044 | |a xo | ||
| 080 | |a 681.31.06 | ||
| 100 | 1 | |a Švaňa, P |4 aut | |
| 245 | 1 | |a Mikropočítače a BASIC / |c [aut]Švaňa,P.;Šipöcz,T.;Handlovič,R | |
| 260 | |a Bratislava : |b Slovenské pedagogické nakladateľstvo, |c 1989 | ||
| 300 | |a 316 s | ||
| 700 | 1 | |a Handlovič, R |4 aut | |
| 700 | 1 | |a Šipöcz, T |4 aut | |
| 996 | |c V*38906/O-16371 |l VV1 |s P |a 0 |w stu28226_0001 | ||